Every Premier League Goalscorer (2004/05) - Statistics

General Stats
  • This quiz has been taken 88 times
  • The average score is 65 of 258
Answer Stats
Player Club Goals % Correct
Thierry Henry Arsenal 25
98%
Andy Cole Fulham 12
79%
Ashley Cole Arsenal 2
79%
Carlton Cole Aston Villa 3
79%
Joe Cole Chelsea 8
79%
Steven Gerrard Liverpool 7
79%
Dennis Bergkamp Arsenal 8
78%
Alan Shearer Newcastle United 7
76%
Frank Lampard Chelsea 13
76%
Wayne Rooney Manchester United 11
74%
Paul Scholes Manchester United 9
72%
Robert Pirès Arsenal 14
71%
Jermain Defoe Tottenham Hotspur 13
69%
Didier Drogba Chelsea 10
67%
John Terry Chelsea 3
67%
Patrick Vieira Arsenal 6
67%
Robbie Keane Tottenham Hotspur 11
67%
Roy Keane Manchester United 1
67%
Ryan Giggs Manchester United 5
67%
Cristiano Ronaldo Manchester United 5
66%
Collins John Fulham 4
62%
Fredrik Ljungberg Arsenal 10
62%
Ruud van Nistelrooy Manchester United 6
62%
Andy Johnson Crystal Palace 21
59%
Kevin Campbell West Bromwich Albion 3
59%
Les Ferdinand Bolton Wanderers 1
59%
Peter Crouch Southampton 12
59%
Shaun Wright-Phillips Manchester City 11
59%
Sol Campbell Arsenal 1
59%
Alan Smith Manchester United 6
57%
Robin van Persie Arsenal 5
55%
Cesc Fàbregas Arsenal 2
53%
Nicolas Anelka Manchester City 7
53%
Stephen Carr Newcastle United 1
53%
Tim Cahill Everton 11
53%
Milan Baroš Liverpool 9
52%
Arjen Robben Chelsea 7
48%
Gareth Barry Aston Villa 7
48%
James Milner Newcastle United 1
47%
José Antonio Reyes Arsenal 9
47%
Kevin Phillips Southampton 10
47%
Louis Saha Manchester United 1
47%
Marcus Bent Everton 6
47%
Xabi Alonso Liverpool 2
47%
Robbie Fowler Manchester City 10
45%
Kevin Davies Bolton Wanderers 8
43%
Nicky Butt Newcastle United 1
43%
Emile Heskey Birmingham City 10
41%
Jimmy Floyd Hasselbaink Middlesbrough 13
41%
Laurén Arsenal 1
41%
Nwankwo Kanu West Bromwich Albion 2
41%
Damien Duff Chelsea 6
40%
Danny Murphy Charlton Athletic 3
40%
Jermaine Jenas Newcastle United 1
40%
Ledley King Tottenham Hotspur 2
40%
Ricardo Carvalho Chelsea 1
40%
Stewart Downing Middlesbrough 5
40%
Craig Bellamy Newcastle United 7
38%
David Dunn Birmingham City 2
38%
Dwight Yorke Birmingham City 2
38%
John Arne Riise Liverpool 6
38%
Laurent Robert Newcastle United 3
38%
Luis García Liverpool 8
38%
Matthew Taylor Portsmouth 1
38%
Sami Hyypiä Liverpool 2
38%
Yakubu Aiyegbeni Portsmouth 12
38%
Barry Ferguson Blackburn Rovers 2
36%
Claude Makélélé Chelsea 1
36%
Darren Fletcher Manchester United 3
36%
Duncan Ferguson Everton 5
36%
John O'Shea Manchester United 2
36%
Luke Young Charlton Athletic 2
36%
Djibril Cissé Liverpool 4
34%
Harry Kewell Liverpool 1
34%
Juan Pablo Ángel Aston Villa 7
34%
Mark Viduka Middlesbrough 5
34%
Steve Finnan Liverpool 1
34%
Andy Reid Tottenham Hotspur 1
33%
Edú Gaspar Arsenal 2
33%
James Beattie Everton 1
33%
James Beattie Southampton 3
33%
Jay-Jay Okocha Bolton Wanderers 6
33%
Kevin Nolan Bolton Wanderers 4
33%
Kieron Dyer Newcastle United 4
33%
Michael Brown Tottenham Hotspur 1
33%
Wes Brown Manchester United 1
33%
Eiður Guðjohnsen Chelsea 12
31%
Joey Barton Manchester City 1
31%
Lee Bowyer Newcastle United 3
31%
William Gallas Chelsea 2
31%
Aaron Hughes Newcastle United 1
29%
Bryan Hughes Charlton Athletic 1
29%
Michael Hughes Crystal Palace 2
29%
Mikel Arteta Everton 1
29%
Morten Gamst Pedersen Blackburn Rovers 4
29%
Darius Vassell Aston Villa 2
28%
Frédéric Kanouté Tottenham Hotspur 8
28%
Mikaël Silvestre Manchester United 2
28%
Shola Ameobi Newcastle United 2
28%
Steven Davis Aston Villa 1
28%
Fernando Morientes Liverpool 3
26%
Gary Speed Bolton Wanderers 1
26%
Henrik Pedersen Bolton Wanderers 6
26%
Lomana LuaLua Portsmouth 6
26%
Luís Boa Morte Fulham 8
26%
Nolberto Solano Aston Villa 8
26%
Richard Dunne Manchester City 1
26%
Robbie Savage Birmingham City 4
26%
Clinton Morrison Birmingham City 4
24%
El-Hadji Diouf Bolton Wanderers 9
24%
Patrik Berger Portsmouth 3
24%
Sylvain Distin Manchester City 1
24%
Trevor Sinclair Manchester City 1
24%
Kieran Richardson West Bromwich Albion 3
22%
Leon Osman Everton 6
22%
Matt Holland Charlton Athletic 3
22%
Tiago Mendes Chelsea 4
22%
Darren Anderton Birmingham City 3
21%
Darren Huckerby Norwich City 6
21%
Jason Euell Charlton Athletic 2
21%
Dean Ashton Norwich City 7
19%
Jonathan Fortune Charlton Athletic 2
19%
Mido Tottenham Hotspur 2
19%
Pedro Mendes Tottenham Hotspur 1
19%
Shaun Bartlett Charlton Athletic 6
19%
Brian McBride Fulham 6
17%
David Bentley Norwich City 2
17%
Gabriel Heinze Manchester United 1
17%
Lee Carsley Everton 4
17%
Lee Hendrie Aston Villa 5
17%
Paul Robinson West Bromwich Albion 1
17%
Steven Reid Blackburn Rovers 2
17%
Thomas Gravesen Everton 4
17%
Tomasz Radzinski Fulham 6
17%
Brett Emerton Blackburn Rovers 4
16%
Francis Jeffers Charlton Athletic 3
16%
Lucas Neill Blackburn Rovers 1
16%
Mateja Kežman Chelsea 4
16%
Patrick Kluivert Newcastle United 6
16%
Paul Dickov Blackburn Rovers 9
16%
Steed Malbranque Fulham 6
16%
Zoltán Gera West Bromwich Albion 6
16%
Andrew O'Brien Newcastle United 2
14%
Diomansy Kamara Portsmouth 4
14%
Gary O'Neil Portsmouth 2
14%
Geoff Horsfield West Bromwich Albion 3
14%
Jerome Thomas Charlton Athletic 3
14%
Luke Moore Aston Villa 1
14%
Martin Laursen Aston Villa 1
14%
Mathieu Flamini Arsenal 1
14%
Neil Mellor Liverpool 2
14%
Olof Mellberg Aston Villa 3
14%
Steve Stone Portsmouth 3
14%
Thomas Hitzlsperger Aston Villa 2
14%
David Weir Everton 1
12%
Fitz Hall Crystal Palace 2
12%
George Boateng Middlesbrough 3
12%
Graeme Le Saux Southampton 1
12%
Henri Camara Southampton 4
12%
Hermann Hreiðarsson Charlton Athletic 1
12%
Igor Bišćan Liverpool 2
12%
James McFadden Everton 1
12%
Kevin Kilbane Everton 1
12%
Kevin Lisbie Charlton Athletic 1
12%
Matthew Upson Birmingham City 2
12%
Papa Bouba Diop Fulham 6
12%
Paul Konchesky Charlton Athletic 1
12%
Rory Delap Southampton 2
12%
Stephen Kelly Tottenham Hotspur 1
12%
Titus Bramble Newcastle United 1
12%
Zat Knight Fulham 1
12%
Anders Svensson Southampton 4
10%
Antoine Sibierski Manchester City 4
10%
Boudewijn Zenden Middlesbrough 5
10%
Chris Riggott Middlesbrough 2
10%
Dennis Rommedahl Charlton Athletic 2
10%
Erik Edman Tottenham Hotspur 1
10%
Florent Sinama-Pongolle Liverpool 2
10%
Jon Macken Manchester City 1
10%
Joseph-Désiré Job Middlesbrough 4
10%
Julian Gray Birmingham City 2
10%
Mario Melchiot Birmingham City 1
10%
Mathias Svensson Norwich City 4
10%
Noureddine Naybet Tottenham Hotspur 1
10%
Robert Earnshaw West Bromwich Albion 11
10%
Stelios Giannakopoulos Bolton Wanderers 7
10%
Aki Riihilahti Crystal Palace 4
9%
Claudio Reyna Manchester City 2
9%
Darren Powell Crystal Palace 1
9%
David Unsworth Portsmouth 2
9%
Eyal Berkovic Portsmouth 1
9%
Fernando Hierro Bolton Wanderers 1
9%
Gavin McCann Aston Villa 1
9%
Kiki Musampa Manchester City 3
9%
Noé Pamarot Tottenham Hotspur 1
9%
Radhi Jaïdi Bolton Wanderers 5
9%
Ryan Jarvis Norwich City 1
9%
Wayne Routledge Crystal Palace 1
9%
Alan Stubbs Everton 1
7%
Arjan de Zeeuw Portsmouth 3
7%
Chris Perry Charlton Athletic 1
7%
Damien Francis Norwich City 7
7%
Darren Ambrose Newcastle United 3
7%
David Bellion Manchester United 2
7%
Dean Marney Tottenham Hotspur 2
7%
Franck Queudrue Middlesbrough 5
7%
Jonatan Johansson Charlton Athletic 4
7%
Lee Clark Fulham 1
7%
Linvoy Primus Portsmouth 1
7%
Matt Jansen Blackburn Rovers 2
7%
Matt Oakley Southampton 1
7%
Paul Bosvelt Manchester City 2
7%
Robbie Blake Birmingham City 2
7%
Sylvain Legwinski Fulham 1
7%
Tal Ben Haim Bolton Wanderers 1
7%
Adam Drury Norwich City 1
5%
Craig Short Blackburn Rovers 1
5%
Danny Granville Crystal Palace 3
5%
Danny Higginbotham Southampton 1
5%
Darren Carter Birmingham City 2
5%
David Prutton Southampton 1
5%
Gary Doherty Norwich City 2
5%
Jon Stead Blackburn Rovers 2
5%
Leon McKenzie Norwich City 7
5%
Malcolm Christie Middlesbrough 1
5%
Muzzy Izzet Birmingham City 1
5%
Nigel Quashie Southampton 1
5%
Paul McVeigh Norwich City 1
5%
Ricardo Fuller Portsmouth 1
5%
Thimothée Atouba Tottenham Hotspur 1
5%
Youssef Safri Norwich City 1
5%
Andreas Jakobsson Southampton 2
3%
Andy Todd Blackburn Rovers 1
3%
Carlos Bocanegra Fulham 1
3%
Craig Fleming Norwich City 1
3%
Danny Graham Middlesbrough 1
3%
Darren Purse West Bromwich Albion 1
3%
Dexter Blackstock Southampton 1
3%
Dougie Freedman Crystal Palace 1
3%
James Vaughan Everton 1
3%
Jay Bothroyd Blackburn Rovers 1
3%
Joonas Kolkka Crystal Palace 3
3%
Michael Reiziger Middlesbrough 1
3%
Neil Clement West Bromwich Albion 3
3%
Nicola Ventola Crystal Palace 1
3%
Peter Whittingham Aston Villa 1
3%
Robbie Elliott Newcastle United 1
3%
Ronnie Wallwork West Bromwich Albion 1
3%
Scott Dobie West Bromwich Albion 1
3%
Simon Charlton Norwich City 1
3%
Szilárd Németh Middlesbrough 4
3%
Talal El Karkouri Charlton Athletic 5
3%
Walter Pandiani Birmingham City 4
3%
Mark Hudson Crystal Palace 1
2%
Mikele Leigertwood Crystal Palace 1
2%
Paul Gallagher Blackburn Rovers 2
2%
Reto Ziegler Tottenham Hotspur 1
2%
Willo Flood Manchester City 1
2%
No matching quizzes found
Score Distribution
Percent of People with Each Score
Percentile by Number Answered
Your Score History
You have not taken this quiz